駅利用者数ランキングTOP100(大阪府) - Statistics

General Stats
  • This quiz has been taken 498 times
  • The average score is 63 of 100
Answer Stats
順位 駅名 乗降客数 % Correct
1 梅田 1000917
99%
2 大阪 734838
99%
3 難波 564387
96%
4 天王寺 517997
96%
5 新大阪 448224
96%
6 京橋 392198
94%
7 鶴橋 337427
94%
9 新今宮 213592
92%
82 35058
91%
20 高槻 114970
90%
8 淀屋橋 291622
89%
24 西九条 105411
87%
38 福島 64918
86%
53 天満 49126
86%
10 本町 206138
85%
27 茨木 86856
83%
12 心斎橋 180176
82%
31 森ノ宮 79238
82%
22 西梅田 108362
81%
39 十三 64132
81%
43 吹田 58497
81%
13 東梅田 158403
80%
21 弁天町 109027
77%
44 大正 58431
77%
46 野田 55105
77%
49 高槻市 54273
77%
14 天下茶屋 140359
76%
33 枚方市 70819
76%
19 千里中央 115909
75%
35 大阪上本町 65644
75%
16 中百舌鳥 124150
74%
65 豊中 42613
74%
25 谷町四丁目 95147
72%
30 北新地 81108
72%
34 谷町九丁目 68904
72%
73 動物園前 38933
72%
11 大阪難波 183647
71%
17 天満橋 123882
71%
50 茨木市 52270
71%
52 中津 50049
71%
100 谷町六丁目 31116
71%
18 江坂 118184
70%
51 天神橋筋六丁目 51377
70%
76 淡路 37305
68%
85 布施 34790
68%
23 堺筋本町 106800
67%
47 堺東 54459
67%
32 日本橋 75137
65%
63 門真市 43487
65%
57 寝屋川市 46297
63%
58 玉造 45917
63%
26 北浜 92266
62%
40 西中島南方 63530
62%
42 ユニバーサルシティ 61230
62%
15 大阪阿部野橋 140110
60%
28 三国ヶ丘 82313
60%
95 寺田町 32564
60%
66 九条 42188
59%
72 大国町 39965
59%
87 桃谷 33288
59%
91 放出 32918
58%
93 久宝寺 32766
57%
59 近鉄日本橋 44540
56%
79 JR難波 35860
56%
54 阿波座 47704
55%
55 大日 47607
54%
29 南森町 81658
53%
41 蛍池 62793
53%
70 池田 40645
53%
97 今里 32268
52%
62 長居 43812
50%
74 石橋阪大前 38806
50%
36 南茨木 65389
49%
75 千里丘 38768
49%
78 東三国 36365
49%
80 塚本 35612
49%
71 岸辺 39978
48%
77 摂津富田 36756
48%
48 長堀橋 54364
47%
68 山田 41197
47%
37 肥後橋 65175
46%
56 樟葉 47388
46%
84 34792
46%
88 近鉄八尾 33208
46%
90 南方 33040
45%
92 鴫野 32771
44%
45 住道 55168
41%
67 上新庄 42091
40%
61 大阪天満宮 44028
39%
86 河内長野 33744
39%
83 桃山台 34900
38%
99 和泉府中 31568
36%
60 香里園 44082
35%
96 四条畷 32356
34%
69 平野 41031
33%
94 藤井寺 32714
33%
98 都島 32008
33%
89 和泉中央 33095
29%
81 泉ヶ丘 35145
13%
64 我孫子前 43137
6%
No matching quizzes found
Score Distribution
Percent of People with Each Score
Percentile by Number Answered
Your Score History
You have not taken this quiz